Zmluvná pokuta a náhrada škody v obchodnom práve

Cieľom príspevku bolo poukázať na možnosti zmluvných strán ovplyvňovať prostredníctvom konsenzu spôsob a rozsah náhrady škody vo vzájomných vzťahoch a upozorniť na viacero výkladových a aplikačných problémov. Ide najmä o vzťah zmluvnej pokuty a náhrady škody, kde právna úprava poskytuje stranám urči...

ver descrição completa

Na minha lista:
Detalhes bibliográficos
Autor principal: Ovečková, Oľga
Formato: Capítulo de Livro
Idioma:eslovaco
Assuntos:
Tags: Adicionar Tag
Sem tags, seja o primeiro a adicionar uma tag!

MARC

LEADER 00000naa a2200000 4500
001 0306872
005 20250206123826.7
041 0 |a slo 
044 |a SK 
245 1 0 |a Zmluvná pokuta a náhrada škody v obchodnom práve  |c Oľga Ovečková 
520 |a Cieľom príspevku bolo poukázať na možnosti zmluvných strán ovplyvňovať prostredníctvom konsenzu spôsob a rozsah náhrady škody vo vzájomných vzťahoch a upozorniť na viacero výkladových a aplikačných problémov. Ide najmä o vzťah zmluvnej pokuty a náhrady škody, kde právna úprava poskytuje stranám určitú škálu možností modifikovať náhradu škody. 
610 2 0 |a pokuty 
610 2 0 |a zmluvy 
610 2 0 |a náhrada škody 
610 2 0 |a právo obchodné 
610 2 0 |a úpravy právne 
100 1 |a Ovečková, Oľga